A PHILOSOPHICAL THEOLOGY OF THE OLD TESTAMENT (Record no. 4544)
[ view plain ]
| 000 -LEADER | |
|---|---|
| fixed length control field | 00469nam a22001577a 4500 |
| 008 - FIXED-LENGTH DATA ELEMENTS--GENERAL INFORMATION | |
| fixed length control field | 260219b |||||||| |||| 00| 0 eng d |
| 020 ## - INTERNATIONAL STANDARD BOOK NUMBER | |
| ISBN | 9780815352587 |
| 100 ## - MAIN ENTRY--AUTHOR | |
| Author | GERICKE, JACO |
| 245 ## - TITLE STATEMENT | |
| Title | A PHILOSOPHICAL THEOLOGY OF THE OLD TESTAMENT |
| 260 ## - PUBLICATION, DISTRIBUTION, ETC. (IMPRINT) | |
| Place of publication | LONDON |
| Name of publisher | ROUTLEDGE TAYLOR & FRANCIS GROUP |
| Date of publication | 2020 |
| 300 ## - COLLATION | |
| Pagination | VIII, 163P. |
| 650 ## - TRACINGS | |
| Main Subject | THEOLOGY |
| Subdivision (1st) | BIBLE OLD TASTAMENT |
| Subdivision (2nd) | PHYLOSOPHICAL THEOLOGY |
| 942 ## - ADDED ENTRY ELEMENTS (KOHA) | |
| Item type | Books |
| 050 ## - LIBRARY OF CONGRESS CALL NUMBER | |
| Classification number | BS 1192.5 |
| Item number | .G46 |
| Source of classification or shelving scheme | Not for loan | Permanent location | Current location | Date acquired | Accession No. | Full call number | Barcode. | Copy number | Koha item type |
|---|---|---|---|---|---|---|---|---|---|
| Library of Congress Classification | Samuel Ogbemudia Main Library, University of Abuja | Samuel Ogbemudia Main Library, University of Abuja | 02/19/2026 | 2024/62447 | BS 1192.5 .G46 | 2026-0033 | 2 | Books |